00438 2200169 4500001002100000005001500021035002000036245005000056100001700106300002600123260004800149082000800197084001400205020002200219600001000241990001700251INLIS00000000000135820260129081952 a0010-01260000711 aPetualangan di d Kapal Pesiar /cEnid Blyton0 aBlyton, Enid a312 hlm ;c11 X 18 cm aJakarta :bPT Gramedia Pustaka Utama,c2024 a813 a813 BLY p a978-979-22-7430-1 4aNovel a4698/PP/2026